Les 20 villes les plus peuplées du Tarn sur une carte - Statistiques

Statistiques générales
  • Ce quiz a été pris 228 fois
  • Le résultat moyen est 11 sur 20
Réponses sur la Carte
Les réponses sont colorées sur une échelle allant du rouge au vert en fonction du pourcentage des utilisateurs qui les ont devinées à leur premier essai. Vous pouvez retrouver ces pourcentages ci-dessous.
 
Statistiques - réponses
Nb Hab Réponse % Correct
49714 Albi
99%
42672 Castres
97%
15663 Gaillac
80%
10064 Mazamet
80%
13166 Graulhet
69%
9898 Carmaux
67%
10830 Lavaur
65%
9576 Saint-Sulpice-La-Pointe
55%
5775 Rabastens
54%
6600 Saint-Juéry
46%
4775 Lisle-sur-Tarn
44%
3529 Réalmont
44%
3449 Marssac-sur-Tarn
39%
6538 Labruguière
38%
3540 Puygouzon
35%
5706 Aussillon
34%
3204 Puylaurens
30%
4589 Lescure-d'Albigeois
29%
3680 Saix
29%
3001 Coufouleux
18%
Aucun quiz correspondant
Distribution des résultats
% des personnes avec chaque résultat
Percentile par nombre de réponses
Votre historique - résultats
Vous n’avez pas pris ce quiz